000 00553nam a2200217Ia 4500
003 OSt
005 20220926043649.0
006 a|||||r|||| 00| 0
007 ta
008 220923b |||||||| |||| 00| 0 eng d
037 _cGeneral Book
040 _aRTL
_cRTL
_beng
041 _2eng
_aeng
082 _aY17z7, J32-1;3
100 _aThomas William L Ed.
_9136100
245 0 _aCurrent anthropology
260 _c1953
650 _aRace
942 _hY17z7, J32-1;3
_cGB
_2CC
999 _c672879
_d672879